000 00879nam a2200265 i 4500
003 DO-SdBNP
005 20240628105121.0
007 ta
008 240628s2024 dr 000 j spa d
020 _a9789945944600
040 _aDO-SdBNP
_bspa
_cBNPHU
_erda
082 _bR175
_222
100 1 _aRamos Fernández, Johanna
_eautora
_911034
_d1982-
245 1 0 _aUn día a la vez /
_cJohanna Ramos Fernández ; prólogo Rafael Román Feliz
264 1 _aSanto Domingo :
_bPoetas de la era,
_c2024.
300 _a63 páginas,
_c23 cm.
336 _2rdacontent
_atexto
_btxt
337 _2rdamedia
_asin mediación
_bn
338 _2rdacarrier
_avolumen
_bnc
500 _aIncluye datos biografícos de la autora en la solapa de la portada.
590 _aInventariado, 2024/ YL
700 1 _aRomán Feliz, Rafael
_eprólogo
_985884
910 _aYLockward
942 _2ddc
_cLBS1
999 _c57059
_d57059